Návrh vodovodu v obci
Guardado en:
| Autor principal: | |
|---|---|
| Otros Autores: | |
| Formato: | Manuscrito Libro |
| Lenguaje: | eslovaco |
| Publicado: |
2016
|
| Materias: | |
| Acceso en línea: | http://is.stuba.sk/zp/portal_zp.pl?podrobnosti=128084 https://opac.crzp.sk/?fn=detailBiblioForm&sid=9B1B597C531927316D32025610B0 |
| Etiquetas: |
Sin Etiquetas, Sea el primero en etiquetar este registro!
|
MARC
| LEADER | 00000ntm a22000003a 4500 | ||
|---|---|---|---|
| 001 | stuzp57390 | ||
| 003 | SK-STU | ||
| 005 | 20230825152630.9 | ||
| 007 | ta | ||
| 008 | 150427s2015----xo-----f-mn---000-0-slo-d | ||
| 040 | |a STU |b slo | ||
| 041 | 0 | |a slo | |
| 100 | 1 | |a Henč, Miroslav |u 010280 |4 aut |U SvF Stavebná fakulta |T SvF Katedra zdravotného inžinierstva |X 42130 |U V280 |Y 29 |7 42130 | |
| 242 | 0 | 1 | |a Proposal of the water supply in the township |y eng |
| 245 | 1 | 0 | |a Návrh vodovodu v obci |
| 260 | |c 2016 | ||
| 650 | 4 | |a návrh |2 slo | |
| 650 | 4 | |a Dubovec |2 slo | |
| 650 | 4 | |a vodovod |2 slo | |
| 650 | 4 | |a Dubovec |2 eng | |
| 650 | 4 | |a water supply |2 eng | |
| 650 | 4 | |a proposal |2 eng | |
| 700 | 1 | |a Božíková, Jarmila |u 010280 |k Z8 |4 ths |U SvF Stavebná fakulta |T SvF Katedra zdravotného inžinierstva |X 775 |U V280 |Y 29 |7 A000000775 | |
| 856 | 4 | |u http://is.stuba.sk/zp/portal_zp.pl?podrobnosti=128084 | |
| 856 | 4 | |u https://opac.crzp.sk/?fn=detailBiblioForm&sid=9B1B597C531927316D32025610B0 | |
| SQL | |a stuzp57390 |b DDP |c SLO |d Návrh vodovodu v obci |e 42130 |f Henč, Miroslav |g 010280 |h 775 |i Božíková, Jarmila |j 20160617 |k 27 |l 01 |m http://is.stuba.sk/zp/portal_zp.pl?podrobnosti=128084 |n I-VSH |o 5.1.6. vodné stavby, 6.4.1. vodné hospodárstvo | ||